00597nam a22001937a 450000500170000001000150001702000260003203500140005803700090007208200110008110000130009224500870010526000330019227001080022530000190033370000240035270000210037676000060039720231114162637.0 aENG-138371 a9789392080593c450.00 aEN-121903 bDBAD a657.42 aSurender aCost AccountingcBy Surender Singh; Deba Prasad Panda and Priyanka SarohahEnglish aNew DelhibKitab Mahalc2023 a4655/21, Ansari Road, (G.F.) DaryaganjbNew Delhie110002k011-23289285mkitabmahalpublishers@gmail.com avp.c24cm(pbk) aPanda, Deba.Prasad  aSaroha, Priyanka b1